• 首页
  • 本馆介绍
  • 公告通知
  • 最新文献
  • 馆藏检索
  • 电子资源
  • 读者导购
  • 参考咨询
  • 我的图书馆
  • 登录
  • 详细信息显示
  • 放入我的书架
  • 预约/预借图书
  • 作者相关作品
  • 分类相关作品
  • 丛书相关作品
  • 出版社相关作品

书目信息

  • 表格格式
  • 工作单格式
  • 卡片格式
题名:
全国专家型法官司法意见精粹
    
 
作者: ;国家法官学院 编
分册: 3   合同与担保卷
出版信息: 北京   中国法制出版社  2013.02
页数: 387页
开本: 25cm
丛书名:
单 册:
中图分类: D920.4 , D923.64 , D923.24
科图分类:
主题词: 法律--研究--中国 , 合同法--研究--中国 , 担保法--研究--中国 , 法律 , 合同法 , 担保法
电子资源:
ISBN: 978-7-5093-4035-6
000 01094nam0 2200325 450
001 010700145757
005 20130608084315.26
010    @a978-7-5093-4035-6@dCNY88.00
100    @a20130315d2013 em y0chiy50 ea
101 0  @achi
102    @aCN@b110000
105    @aak z 000yy
106    @ar
200 1  @a全国专家型法官司法意见精粹@9quan guo zhuan jia xing fa guan si fa yi jian jing cui@h3@i合同与担保卷@f国家法官学院编
210    @a北京@c中国法制出版社@d2013.02
215    @a387页@c图@d25cm
330    @a本书共分为合同总则、合同分则、担保、其他四部分,主要内容包括:格式条款的司法规则、交易习惯的司法适用、合同漏洞填补规则的应用及其限制、待审批生效合同的司法认定及处理等。
333    @a法律工作者、高校法律专业类师生
606 0  @a法律@x研究@y中国
606 0  @a合同法@x研究@y中国
606 0  @a担保法@x研究@y中国
606 0  @a法律
606 0  @a合同法
606 0  @a担保法
690    @aD920.4@v5
690    @aD923.64@v5
690    @aD923.24@v5
711 02 @a国家法官学院@9guo jia fa guan xue yuan@4编
801  0 @aCN@b人天书店@c20130315
905    @dD920.4@e1004:3
    
    全国专家型法官司法意见精粹.3.合同与担保卷/国家法官学院编.-北京:中国法制出版社,2013.02
    387页:图;25cm
    使用对象:法律工作者、高校法律专业类师生
    
    ISBN 978-7-5093-4035-6:CNY88.00
    本书共分为合同总则、合同分则、担保、其他四部分,主要内容包括:格式条款的司法规则、交易习惯的司法适用、合同漏洞填补规则的应用及其限制、待审批生效合同的司法认定及处理等。
●
相关链接 在E读中查询图书 在五车中查询图书 在当当中查询图书 在豆瓣中查询图书


正题名:全国专家型法官司法意见精粹     索取号:D920.4/1004:3         预约/预借

序号 登录号 条形码 馆藏地/架位号 状态 备注
1 0543583   205435830   第一样本阅览室/ [索取号:D920.4/1004:3] 在馆    
2 0543584   205435849   第一借阅区/ [索取号:D920.4/1004:3] 在馆    
3 0543585   205435858   第一借阅区/ [索取号:D920.4/1004:3] 在馆    
4 0543586   205435867   第一借阅区/ [索取号:D920.4/1004:3] 在馆    
5 0543587   205435876   密集书库-史法系/ [索取号:D920.4/1004:3] 在馆    
唐山师范学院图书馆 欢迎您!
大连网信软件有限公司© 版权所有